| 000 | 00600cam a22002291 4500 | ||
|---|---|---|---|
| 001 | sa 67000725 | ||
| 003 | DLC | ||
| 005 | 20260227112317.0 | ||
| 008 | 890331s1962 xx 000 0 urdo | ||
| 010 | _asa 67000725 | ||
| 035 | _a(OCoLC)23539928 | ||
| 040 |
_aDLC _cMiU _dDLC |
||
| 042 | _apremarc | ||
| 050 | 0 | 0 |
_aPJ6633 _b.L8 |
| 245 | 0 | 0 | _aLughāt-i Gujrī. |
| 260 | _c[1962] | ||
| 300 |
_a4, 273 p. _bfacsim. _c23 cm. |
||
| 500 | _aRomanized. | ||
| 650 | 0 |
_aArabic language _xDictionaries _xPersian. |
|
| 650 | 0 |
_aArabic language _xDictionaries _xUrdu. |
|
| 700 | 1 |
_aNadvi, Najeeb Ashraf. _eed. |
|
| 999 |
_c72168 _d72168 |
||